000
00318nam a2200133Ia 4500
005
20251222144754.0
008
251222s9999||||xx |||||||||||||| ||spa||
020
_a
84-277-1377-0
082
_a
370.154/A32
100
_a
Agueda Marujo, Helena
245
0
_a
PedagogĂa del Optimismo:
264
_b
Narcea
942
_c
LIB
999
_c
19443
_d
19443